<?xml version="1.0" encoding="UTF-8"?>
<record
    xmlns:xsi="http://www.w3.org/2001/XMLSchema-instance"
    xsi:schemaLocation="http://www.loc.gov/MARC21/slim http://www.loc.gov/standards/marcxml/schema/MARC21slim.xsd"
    xmlns="http://www.loc.gov/MARC21/slim">

  <leader>00657cam a22001811  4500</leader>
  <datafield tag="082" ind1=" " ind2=" ">
    <subfield code="a">624.101</subfield>
    <subfield code="b">SHE</subfield>
    <subfield code="c">L-20, P-139</subfield>
  </datafield>
  <datafield tag="100" ind1="1" ind2=" ">
    <subfield code="a">Shedd, Thomas Clark,</subfield>
    <subfield code="9">42359</subfield>
  </datafield>
  <datafield tag="245" ind1="0" ind2="0">
    <subfield code="a">Theory of simple structures,</subfield>
    <subfield code="c">by Thomas Clark Shedd ... and Jamison Vawter ...</subfield>
  </datafield>
  <datafield tag="250" ind1=" " ind2=" ">
    <subfield code="a">2d ed.</subfield>
  </datafield>
  <datafield tag="260" ind1=" " ind2=" ">
    <subfield code="a">New York,</subfield>
    <subfield code="b">J. Wiley &amp; Sons, inc;</subfield>
    <subfield code="a">London,</subfield>
    <subfield code="b">Chapman &amp; Hall, limited,</subfield>
    <subfield code="c">1941.</subfield>
  </datafield>
  <datafield tag="300" ind1=" " ind2=" ">
    <subfield code="a">xii, 505 p.</subfield>
    <subfield code="b">illus., tables (1 double) diagrs. (3 fold.)</subfield>
    <subfield code="c">24 cm.</subfield>
  </datafield>
  <datafield tag="526" ind1=" " ind2=" ">
    <subfield code="a">0</subfield>
    <subfield code="b">0</subfield>
    <subfield code="c">0</subfield>
    <subfield code="d">624_101000000000000_SHE</subfield>
  </datafield>
  <datafield tag="650" ind1=" " ind2="0">
    <subfield code="a">MCE</subfield>
    <subfield code="9">379</subfield>
  </datafield>
  <datafield tag="650" ind1=" " ind2="0">
    <subfield code="a">Statics.</subfield>
    <subfield code="9">1020</subfield>
  </datafield>
  <datafield tag="650" ind1=" " ind2="0">
    <subfield code="a">Structural analysis (Engineering)</subfield>
    <subfield code="9">654</subfield>
  </datafield>
  <datafield tag="700" ind1="1" ind2=" ">
    <subfield code="a">Vawter, Jamison,</subfield>
    <subfield code="9">42360</subfield>
  </datafield>
  <datafield tag="942" ind1=" " ind2=" ">
    <subfield code="2">ddc</subfield>
    <subfield code="c">BK</subfield>
  </datafield>
  <datafield tag="999" ind1=" " ind2=" ">
    <subfield code="c">546260</subfield>
    <subfield code="d">546260</subfield>
  </datafield>
  <datafield tag="952" ind1=" " ind2=" ">
    <subfield code="0">0</subfield>
    <subfield code="1">0</subfield>
    <subfield code="2">ddc</subfield>
    <subfield code="4">0</subfield>
    <subfield code="7">0</subfield>
    <subfield code="a">MCE</subfield>
    <subfield code="b">MCE</subfield>
    <subfield code="d">2014-06-05</subfield>
    <subfield code="l">0</subfield>
    <subfield code="o">624.101 SHE</subfield>
    <subfield code="p">MCE-24362</subfield>
    <subfield code="r">2014-06-05</subfield>
    <subfield code="w">2014-06-05</subfield>
    <subfield code="y">BK</subfield>
  </datafield>
</record>
